00293nam a2200109Ia 4500008004100000040001700041041001200058082001800070245003600088260004900124300001000173230917s9999||||xx |||||||||||||| ||und|| e184119aMAIN aEnglish a294.3823 D36D 0aVinayapitake; Vajirabuddhi-Tika aIgatpuribVipassana Research Institutec1998 av. p.